Регионална библиотека "Любен Каравелов" - Русе

Питър Пан : озвучена панорамна приказка (Запис номер 497607)

MARC детайли
000 -Лидер
Контролно поле с фиксирана дължина 01261nam a2200325 c 4500
003 - Код на организацията, давaща контролен номер
Контролно поле BLK
005 - Дата и час на последна редакция
Контролно поле 20250717151846.0
008 - Елементи от данни с фиксирана дължина
fixed length control field 180407b bul|||||r ||||||| ||bul||
020 ## - Международен стандартен номер на книга ISBN
Международен стандартен номер на книга ISBN 3800083803805
020 ## - Международен стандартен номер на книга ISBN
Международен стандартен номер на книга ISBN 978-954-625-603-4
040 ## - Източник на каталожния запис
Идентификатор на билиотеката - собственик на записа BLK
041 ## - Код за език
Код за езика на текст/звукозапис или на отделно заглавие Български
Код за езика КДБФ Български
080 ## - УДК
Текстов определител УДК Английска литература
УДК код - определител по УДК 821.111
УДК определител -93-34
УДК - код + определител 821.111-93-34
139 ## - Редно поле
Авторски знак Пит - П 56
245 10 - Сведения за заглавието
Заглавие Питър Пан : озвучена панорамна приказка
Редно поле (дума) [по] Джеймс Бари ; [прев., адапт. Екатерина Латева] ; [худож.] Пол Хес
260 ## - Област на издателските данни
Име на издателя, разпространителя и проч. Фют
Година на издаване 2010
Място на издаване, разпространение и проч. София
300 ## - Физическа характеристика
Страници [16] с. : с цв. ил.
Размери/Мащаб 27х31 см
380 ## - Жанр
Жанр Детска худож. лит.
500 ## - Общи забележки
Забележка Кор. опис.<br/>Името на прев., адапт. отбелязано в изд. каре<br/>Кн. отпеч. на ламиниран картон
700 1# - Други автори (авторска отговорност)
Лично име Бари, Джеймс Матю
9 (RLIN) 36654
700 1# - Други автори (авторска отговорност)
Лично име Латева, Екатерина Иванова
9 (RLIN) 363572
700 ## - Други автори (авторска отговорност)
Лично име Хес, Пол
Автороска отговорност (Описва отношението между автора и произведението) ил.
9 (RLIN) 489640
856 4# - Електронен адрес и достъп
Електронен формат pdf - файл
856 4# - Електронен адрес и достъп
Електронен формат pdf - файл
942 ## - АРТИКУЛИ
Вид на библиотечния материал Книги
Скрит в OPAC Не
Периодичен библиозапис Да
Koha issues (borrowed), all copies 12
999 ## - СИСТЕМНИ КОНТРОЛНИ НОМЕРА
Koha biblionumber 497607
Koha biblioitemnumber 497607
999 ## - СИСТЕМНИ КОНТРОЛНИ НОМЕРА
Koha biblioitemnumber 28379
999 ## - СИСТЕМНИ КОНТРОЛНИ НОМЕРА
Koha biblioitemnumber 28379
999 ## - СИСТЕМНИ КОНТРОЛНИ НОМЕРА
Koha biblioitemnumber 28379
944 ## - СЪЗДАВАНЕ И РЕДАКЦИЯ на ЗАПИСА
Създаване/Редакция
Дата на регистрацията/редакция Нора Радева
Служител, извършил регистрацията/редакцията 30564
Статус, дата на статуса Анна Гръцманова
Наличности
Код за отписване Код за изгубен артикул Източник на класификационната схема Код за повреда Код за отдаване Артикулен № Име на библиотеката - собственик Име на библиотеката, в която се намира в момента Статус (Текущо местоположение) Дата на вписване в системата Местоположение - отдел Цена в лева Инвентарен номер Систематично азбучна сигнатура Баркод Цена в евро Служебен тип на артикула
  Не е изгубен Universal Decimal Classification Не е повреден заемане за дома 936211 Регионална библиотека "Любен Каравелов" Русе Регионална библиотека "Любен Каравелов" Русе Детски отдел 2023-11-07 Детски отдел 10.00 120000895277 821-93/П 56 120000895277 5.11 Книги
Vip Innovations Ltd, Rousse, Bulgaria 2025